[Event "GER-ch Seniors"]
[Site "Dresden"]
[Date "2012.08.14"]
[Round "6"]
[White "Reinke, Kurt"]
[Black "Steffen, Guenter"]
[Result "1-0"]
[WhiteElo "1946"]
[BlackElo "2023"]
[PlyCount "47"]
[EventDate "2012.08.09"]
[EventType "swiss"]
[EventRounds "9"]
[EventCountry "GER"]
[SourceTitle "EXT 2014"]
[Source "ChessBase"]
[SourceDate "2013.11.20"]
[SourceVersion "1"]
[SourceVersionDate "2013.11.20"]
[SourceQuality "1"]

1. d4 b6 2. e4 Bb7 3. Nd2 e6 4. Bd3 c5 5. Ngf3 Nf6 6. e5 Nd5 7. 0-0 Nc6 8. c3 cxd4 9. cxd4 Be7 10. Ne4 Ncb4 11. Bb1 Rc8 12. a3 Nc6 13. Nfg5 g6 14. h4 f5 15. Nd6+ Bxd6 16. exd6 Qf6 17. Nf3 h6 18. Re1 Kf8 19. Ba2 Rh7 20. Bxd5 exd5 21. Bf4 Qf7 22. Qd2 Nd8 23. Re7 Qg8 24. Bxh6+ 1-0

[Event "GER-ch Seniors"]
[Site "Dresden"]
[Date "2012.08.13"]
[Round "5"]
[White "Steffen, Guenter"]
[Black "Blosze, Winfried"]
[Result "0-1"]
[WhiteElo "2023"]
[BlackElo "1883"]
[PlyCount "86"]
[EventDate "2012.08.09"]
[EventType "swiss"]
[EventRounds "9"]
[EventCountry "GER"]
[SourceTitle "EXT 2014"]
[Source "ChessBase"]
[SourceDate "2013.11.20"]
[SourceVersion "1"]
[SourceVersionDate "2013.11.20"]
[SourceQuality "1"]

1. Nc3 d5 2. e4 dxe4 3. Nxe4 Qd5 4. Nc3 Qd6 5. Bc4 Nf6 6. d3 a6 7. a3 Nc6 8. h3 g6 9. Nf3 Bg7 10. 0-0 0-0 11. Re1 e6 12. Be3 Nd5 13. Bxd5 exd5 14. Qd2 d4 15. Nxd4 Nxd4 16. Ne4 Qc6 17. Bxd4 Bxd4 18. c3 Bg7 19. d4 Be6 20. Rad1 Bb3 21. Rc1 Bd5 22. f3 Rae8 23. Nf2 Rxe1+ 24. Qxe1 Bh6 25. Rc2 Re8 26. Re2 Rxe2 27. Qxe2 Qe6 28. Qxe6 Bxe6 29. Ne4 Bc1 30. d5 Bf5 31. Nf6+ Kf8 32. b3 Ke7 33. Ne4 Bxe4 34. fxe4 Bxa3 35. Kf2 Kd6 36. Ke3 Ke5 37. Kd3 f6 38. b4 b6 39. g4 a5 40. bxa5 bxa5 41. c4 Bc5 42. h4 a4 43. Kc3 Kxe4 0-1

[Event "GER-ch Seniors"]
[Site "Dresden"]
[Date "2012.08.10"]
[Round "2"]
[White "Hoelting, Siegfried"]
[Black "Steffen, Guenter"]
[Result "1/2-1/2"]
[WhiteElo "1919"]
[BlackElo "2023"]
[PlyCount "92"]
[EventDate "2012.08.09"]
[EventType "swiss"]
[EventRounds "9"]
[EventCountry "GER"]
[SourceTitle "EXT 2014"]
[Source "ChessBase"]
[SourceDate "2013.11.20"]
[SourceVersion "1"]
[SourceVersionDate "2013.11.20"]
[SourceQuality "1"]

1. e4 b6 2. d4 Bb7 3. Nc3 e6 4. Nf3 Bb4 5. Bd3 Bxc3+ 6. bxc3 Ne7 7. 0-0 d6 8. c4 Nd7 9. Ng5 h6 10. Nf3 Ng6 11. Be3 e5 12. c3 0-0 13. Qc2 Qe7 14. Nd2 c5 15. f4 Rfe8 16. f5 Ngf8 17. d5 Nf6 18. Qd1 N8d7 19. Qf3 Kh7 20. g4 g5 21. Qg3 Ng8 22. Rf2 f6 23. h4 Qg7 24. Rh2 Ne7 25. hxg5 fxg5 26. Nf3 Kg8 27. Kf2 Kf7 28. Rah1 Rh8 29. Qh3 Nf6 30. Nd2 Rag8 31. Ke2 Bc8 32. Nf3 Bd7 33. Qg2 Be8 34. Qg3 Kf8 35. Rh3 Bf7 36. Kd2 Ke8 37. Qg1 Nd7 38. Qh2 Nf6 39. Qg2 Rh7 40. Kc2 Rgh8 41. Qg1 Nd7 42. Kd2 Qf6 43. Qh2 h5 44. Qg2 h4 45. Kc2 Qg7 46. Qd2 Rg8 1/2-1/2

[Event "Niedersachsen-ch Seniors op 14th"]
[Site "Bad Bevensen"]
[Date "2011.07.13"]
[Round "9"]
[White "Steffen, Guenter"]
[Black "Lange, Detlef"]
[Result "0-1"]
[WhiteElo "1850"]
[BlackElo "1738"]
[PlyCount "63"]
[EventDate "2011.07.05"]
[EventType "swiss"]
[EventRounds "9"]
[EventCountry "GER"]
[SourceTitle "EXT 2012"]
[Source "ChessBase"]
[SourceDate "2011.11.24"]
[SourceVersion "1"]
[SourceVersionDate "2011.11.24"]
[SourceQuality "1"]

1. Nc3 e5 2. e4 Nc6 3. Bc4 Na5 4. Bxf7+ Kxf7 5. Qh5+ g6 6. Qxe5 Nc6 7. Qxh8 Bg7 8. Qxh7 Nf6 9. Qh4 Nd4 10. Kd1 d6 11. Nge2 Nxe2 12. Kxe2 Be6 13. d3 Qd7 14. f3 Rh8 15. Qf2 c5 16. Bd2 b5 17. a3 Nh5 18. g4 Bd4 19. Qf1 Nf6 20. h3 b4 21. axb4 cxb4 22. Nd1 Qb5 23. c3 bxc3 24. Bxc3 Bb6 25. Ra3 Rc8 26. Qe1 d5 27. Rf1 d4 28. Bd2 Rc2 29. Nf2 Bc5 30. Ra1 Bb4 31. Rd1 Qg5 32. e5 0-1

[Event "Niedersachsen-ch Seniors op 14th"]
[Site "Bad Bevensen"]
[Date "2011.07.08"]
[Round "4"]
[White "Thielemann, Joachim"]
[Black "Steffen, Guenter"]
[Result "0-1"]
[WhiteElo "1675"]
[BlackElo "1850"]
[PlyCount "162"]
[EventDate "2011.07.05"]
[EventType "swiss"]
[EventRounds "9"]
[EventCountry "GER"]
[SourceTitle "EXT 2012"]
[Source "ChessBase"]
[SourceDate "2011.11.24"]
[SourceVersion "1"]
[SourceVersionDate "2011.11.24"]
[SourceQuality "1"]

1. e4 b6 2. Nc3 e6 3. d3 Bb7 4. Nf3 d6 5. g3 Nd7 6. Bg2 h6 7. 0-0 Ne7 8. Re1 g5 9. Bd2 Ng6 10. Kh1 Bg7 11. Rb1 0-0 12. Qe2 a6 13. Nd1 Rb8 14. Bc3 e5 15. Ne3 Bc8 16. d4 f6 17. Nf5 Re8 18. Qc4+ Kh7 19. Rbd1 b5 20. Qf7 Rg8 21. dxe5 fxe5 22. b4 Qe8 23. Qxe8 Rxe8 24. Nxg7 Kxg7 25. Bh3 Nf6 26. Bxc8 Rbxc8 27. Rd3 Rf8 28. h3 Rf7 29. Nd2 Rcf8 30. Kg2 Nd7 31. Rf3 Rxf3 32. Nxf3 Nb6 33. Nd2 Kf7 34. Re3 Ke6 35. Bb2 Na4 36. Ba1 Rc8 37. c4 c5 38. cxb5 axb5 39. bxc5 Rxc5 40. Nb3 Rc2 41. a3 Ra2 42. Rd3 Nc5 43. Nxc5+ dxc5 44. Rd1 Rxa3 45. Bb2 Rb3 46. Rd2 c4 47. Rc2 b4 48. Bc1 c3 49. Ra2 Rb1 50. Ra6+ Kf7 51. Be3 c2 52. Rb6 c1Q 53. Bxc1 Rxc1 54. Rxb4 Rc6 55. Kf3 h5 56. Ke3 Ne7 57. Rb3 Ng6 58. Ra3 Rf6 59. Ra7+ Ne7 60. Rb7 Ra6 61. Rb3 Ra1 62. Kf3 Rh1 63. Kg2 Re1 64. Rb4 g4 65. hxg4 hxg4 66. f4 gxf3+ 67. Kxf3 Nc6 68. Rb6 Nd4+ 69. Kf2 Rxe4 70. Ra6 Ne6 71. Kf3 Ng5+ 72. Kf2 Rc4 73. Ra5 Kf6 74. Ke2 Rg4 75. Ra3 Kf5 76. Kf1 Rc4 77. Kg2 e4 78. Kf2 Rc2+ 79. Kf1 Nh3 80. Ra1 Rf2+ 81. Ke1 e3 0-1

[Event "Niedersachsen-ch Seniors op 14th"]
[Site "Bad Bevensen"]
[Date "2011.07.05"]
[Round "1"]
[White "Steffen, Guenter"]
[Black "Scholtyssek, Werner"]
[Result "0-1"]
[WhiteElo "1850"]
[BlackElo "1609"]
[PlyCount "86"]
[EventDate "2011.07.05"]
[EventType "swiss"]
[EventRounds "9"]
[EventCountry "GER"]
[SourceTitle "EXT 2012"]
[Source "ChessBase"]
[SourceDate "2011.11.24"]
[SourceVersion "1"]
[SourceVersionDate "2011.11.24"]
[SourceQuality "1"]

1. Nc3 e5 2. e4 c6 3. Bc4 Nf6 4. d3 Bc5 5. Bg5 d6 6. h3 Nbd7 7. Nf3 b5 8. Bb3 Qb6 9. 0-0 a5 10. a4 b4 11. Ne2 Ba6 12. Ng3 h6 13. Bd2 d5 14. Qe1 0-0-0 15. exd5 cxd5 16. Nxe5 Nxe5 17. Qxe5 Rhe8 18. Qf5+ Kb8 19. Rae1 Bc8 20. Qf3 Be6 21. Bf4+ Bd6 22. Bxd6+ Qxd6 23. Nf5 Bxf5 24. Qxf5 g6 25. Qf3 Kc7 26. Re3 Re6 27. Rfe1 Rde8 28. c4 Rxe3 29. Rxe3 Rxe3 30. Qxe3 d4 31. Qxh6 Nh5 32. Qd2 Qe5 33. Bd1 Nf4 34. Bf3 Qg5 35. Qe1 Nxd3 36. Qe4 Qc1+ 37. Kh2 Qf4+ 38. Qxf4+ Nxf4 39. b3 Kd6 40. g3 Nd3 41. Kg2 Ne1+ 42. Kf1 Nxf3 43. Ke2 Ng1+ 0-1

[Event "GER-ch Seniors 22nd"]
[Site "Berlin"]
[Date "2010.08.22"]
[Round "7"]
[White "Steffen, Guenter"]
[Black "Zschaebitz, Klaus"]
[Result "1-0"]
[WhiteElo "1865"]
[BlackElo "2040"]
[PlyCount "131"]
[EventDate "2010.08.16"]
[EventType "swiss"]
[EventRounds "9"]
[EventCountry "GER"]
[SourceTitle "CBM 138 Extra"]
[Source "ChessBase"]
[SourceDate "2010.10.29"]
[SourceVersion "1"]
[SourceVersionDate "2010.10.29"]
[SourceQuality "1"]

1. Nc3 d5 2. e4 e6 3. exd5 exd5 4. d4 Bb4 5. Bd2 Nc6 6. Bb5 Nge7 7. Nge2 0-0 8. 0-0 Bg4 9. f3 Bf5 10. Be3 a6 11. Bd3 Qd7 12. Bf2 Bd6 13. Nb1 Rae8 14. c3 Bxd3 15. Qxd3 Qf5 16. Qxf5 Nxf5 17. Re1 Ne3 18. Bxe3 Rxe3 19. Kf2 Rfe8 20. g3 f5 21. Nd2 g5 22. Ng1 f4 23. Nf1 fxg3+ 24. hxg3 Rxe1 25. Rxe1 Rxe1 26. Kxe1 Kf7 27. Ne2 Ne7 28. g4 c6 29. Kd2 Ng6 30. Ke3 Ke6 31. Kf2 b6 32. Nfg3 c5 33. Nf1 c4 34. a3 b5 35. Ne3 Ne7 36. Nf1 Nc6 37. f4 gxf4 38. Kf3 a5 39. Nxf4+ Bxf4 40. Kxf4 b4 41. a4 h6 42. Ne3 bxc3 43. bxc3 Ne7 44. Kg3 Nc8 45. Nd1 Nb6 46. Nb2 Nd7 47. Nd1 Nf6 48. Nf2 Nd7 49. Nd1 Nb6 50. Nb2 Kf7 51. Kf3 Kg7 52. Kf2 Kf6 53. Kf3 Kg5 54. Kg3 Nd7 55. Nd1 Nf6 56. Nf2 Ne8 57. Nh3+ Kf6 58. Nf2 Nc7 59. Kf4 Ke6 60. Nd1 Nb5 61. axb5 a4 62. Ne3 a3 63. Nc2 a2 64. b6 Kd6 65. b7 Kc7 66. Ke5 1-0

[Event "GER-ch Seniors 22nd"]
[Site "Berlin"]
[Date "2010.08.17"]
[Round "2"]
[White "Haselhorst, Helmut"]
[Black "Steffen, Guenter"]
[Result "1-0"]
[WhiteElo "2066"]
[BlackElo "1865"]
[PlyCount "73"]
[EventDate "2010.08.16"]
[EventType "swiss"]
[EventRounds "9"]
[EventCountry "GER"]
[SourceTitle "CBM 138 Extra"]
[Source "ChessBase"]
[SourceDate "2010.10.29"]
[SourceVersion "1"]
[SourceVersionDate "2010.10.29"]
[SourceQuality "1"]

1. d4 Nc6 2. Nf3 d5 3. c4 Bg4 4. cxd5 Bxf3 5. gxf3 Qxd5 6. e3 e6 7. Nc3 Bb4 8. Bd2 Bxc3 9. Bxc3 Nf6 10. Rg1 0-0 11. Be2 Rfe8 12. f4 Ne4 13. Bf3 Nxc3 14. Bxd5 Nxd1 15. Bxc6 bxc6 16. Rxd1 Rab8 17. b3 Red8 18. Rc1 Rb6 19. Ke2 Rd5 20. Rc2 Ra5 21. Rgc1 Rba6 22. Kd3 Kf8 23. Kc3 Ke7 24. Kb2 Kd7 25. Rc5 Rb5 26. a4 Rbb6 27. Ka3 f5 28. b4 Rb7 29. a5 Rb8 30. Ka4 Rc8 31. h4 g6 32. h5 Rg8 33. b5 cxb5+ 34. Kxb5 Rd6 35. Rxc7+ Kd8 36. Rxa7 gxh5 37. Rc8+ 1-0

[Event "GER-ch Seniors 21st"]
[Site "Dresden"]
[Date "2009.08.10"]
[Round "9"]
[White "Schwier, Manfred"]
[Black "Steffen, Guenter"]
[Result "1-0"]
[WhiteElo "2156"]
[BlackElo "2026"]
[PlyCount "113"]
[EventDate "2009.08.03"]
[EventType "swiss"]
[EventRounds "9"]
[EventCountry "GER"]
[SourceTitle "CBM 131 Extra"]
[Source "ChessBase"]
[SourceDate "2009.09.03"]
[SourceVersion "2"]
[SourceVersionDate "2009.09.16"]
[SourceQuality "1"]

1. e4 Nc6 2. d4 e5 3. dxe5 Nxe5 4. Nf3 Nxf3+ 5. Qxf3 Qf6 6. Qe2 Bb4+ 7. c3 Ba5 8. Bd2 a6 9. Na3 b5 10. Nc2 c5 11. 0-0-0 Ne7 12. h4 Bb7 13. Bg5 Qe6 14. Bxe7 Qxe7 15. Qg4 g6 16. e5 Bc7 17. h5 0-0-0 18. Re1 Qe6 19. Qxe6 dxe6 20. f4 Rd7 21. Ne3 Bd8 22. hxg6 fxg6 23. Rh2 Rf7 24. g3 Kc7 25. Bh3 Bc8 26. Rd1 g5 27. Rf1 h5 28. fxg5 Rxf1+ 29. Bxf1 Bxg5 30. Kd2 Kd7 31. Ke2 Rh6 32. Bg2 Ke7 33. Bf3 Bxe3 34. Kxe3 Bd7 35. Bxh5 Be8 36. g4 Kf8 37. b4 cxb4 38. cxb4 Kg7 39. Kd4 Rh8 40. Rc2 Bxh5 41. gxh5 Rxh5 42. Rc6 Rh4+ 43. Kc5 Rc4+ 44. Kd6 Rxb4 45. Kxe6 Ra4 46. Rc2 Rc4 47. Rf2 a5 48. Ke7 b4 49. Rg2+ Kh7 50. e6 a4 51. Kf8 Rd4 52. Ke8 b3 53. e7 Rc4 54. Kf7 Rf4+ 55. Ke6 Re4+ 56. Kf6 Re3 57. Rd2 1-0

[Event "GER-ch Seniors-A 20th"]
[Site "Erfurt"]
[Date "2008.08.07"]
[Round "3"]
[White "Rotstein, Jefim"]
[Black "Steffen, Guenter"]
[Result "1-0"]
[WhiteElo "2276"]
[BlackElo "1909"]
[PlyCount "35"]
[EventDate "2008.08.05"]
[EventType "swiss"]
[EventRounds "9"]
[EventCountry "GER"]
[SourceTitle "CBM 126 Extra"]
[Source "ChessBase"]
[SourceDate "2008.11.05"]
[SourceVersion "1"]
[SourceVersionDate "2008.11.05"]
[SourceQuality "1"]

1. d4 Nc6 2. e4 e5 3. dxe5 Nxe5 4. f4 Nc6 5. Nf3 Bc5 6. Bc4 Qe7 7. Nc3 Nf6 8. Qe2 d6 9. e5 dxe5 10. fxe5 Ng8 11. Bg5 Qf8 12. Nd5 Bb6 13. 0-0-0 h6 14. Bh4 Be6 15. Rhf1 g5 16. Nxb6 axb6 17. Bxe6 fxe6 18. Nxg5 1-0

[Event "GER-ch Seniors Gp-A 19th"]
[Site "Templin"]
[Date "2007.08.28"]
[Round "6"]
[White "Steffen, Guenter"]
[Black "Schulz, Wolfgang"]
[Result "0-1"]
[WhiteElo "1907"]
[BlackElo "2013"]
[PlyCount "124"]
[EventDate "2007.08.23"]
[EventType "swiss"]
[EventRounds "9"]
[EventCountry "GER"]
[SourceTitle "EXT 2022"]
[Source "ChessBase"]
[SourceDate "2021.10.06"]
[SourceVersion "1"]
[SourceVersionDate "2021.10.06"]
[SourceQuality "1"]

1. Nc3 Nf6 2. e4 e5 3. Bc4 Nc6 4. d3 Bb4 5. Bd2 Na5 6. Bb3 Nxb3 7. axb3 0-0 8. Nge2 c6 9. 0-0 d5 10. Nxd5 Nxd5 11. exd5 Bxd2 12. Qxd2 cxd5 13. Ng3 f6 14. f4 Qb6+ 15. Qf2 Qxf2+ 16. Rxf2 Re8 17. fxe5 Rxe5 18. Re2 Bg4 19. Rxe5 fxe5 20. h3 Bd7 21. Re1 Re8 22. c4 Bc6 23. b4 a6 24. b3 g6 25. Re2 Kg7 26. Kf2 h5 27. Nf1 Kf6 28. Ne3 Ke6 29. Nc2 Kf6 30. Ne3 Rd8 31. Rd2 Ke6 32. Nd1 d4 33. Kg3 Rf8 34. Rf2 Rf5 35. Re2 Rf4 36. Nf2 h4+ 37. Kh2 Kf5 38. Kg1 e4 39. dxe4+ Bxe4 40. Rd2 Bc6 41. Nd3 Re4 42. Nc5 Re1+ 43. Kf2 Ra1 44. Rxd4 Ra2+ 45. Ke3 g5 46. Nd3 Rxg2 47. b5 Rg3+ 48. Kd2 Bg2 49. Rd8 Rxh3 50. Rf8+ Ke6 51. Rg8 Rg3 52. Rh8 h3 53. b6 Kd6 54. Rh6+ Kd7 55. Ke2 Bf1+ 56. Kxf1 Rxd3 57. Rg6 Rg3 58. Kf2 Rg2+ 59. Kf3 g4+ 60. Kf4 h2 61. Rh6 g3 62. Kf3 Rg1 0-1

[Event "GER-ch Seniors Gp-A 19th"]
[Site "Templin"]
[Date "2007.08.26"]
[Round "4"]
[White "Steffen, Guenter"]
[Black "Nuenchert, Eveline"]
[Result "1/2-1/2"]
[WhiteElo "1907"]
[BlackElo "1998"]
[PlyCount "27"]
[EventDate "2007.08.23"]
[EventType "swiss"]
[EventRounds "9"]
[EventCountry "GER"]
[SourceTitle "EXT 2022"]
[Source "ChessBase"]
[SourceDate "2021.10.06"]
[SourceVersion "1"]
[SourceVersionDate "2021.10.06"]
[SourceQuality "1"]

1. Nc3 Nf6 2. e4 d6 3. Bc4 c6 4. d3 e5 5. Nge2 Be7 6. 0-0 a5 7. a4 Na6 8. Bd2 0-0 9. Ng3 Nc7 10. Nce2 d5 11. exd5 Ncxd5 12. Nc3 Bg4 13. Qe1 Qc7 14. Nce4 1/2-1/2

[Event "GER-ch Seniors 18th"]
[Site "Dresden"]
[Date "2006.07.30"]
[Round "9"]
[White "Koepcke, Hans Peter"]
[Black "Steffen, Guenter"]
[Result "1/2-1/2"]
[WhiteElo "2012"]
[BlackElo "1896"]
[PlyCount "75"]
[EventDate "2006.07.22"]
[EventType "swiss"]
[EventRounds "9"]
[EventCountry "GER"]
[SourceTitle "EXT 2022"]
[Source "ChessBase"]
[SourceDate "2021.10.06"]
[SourceVersion "1"]
[SourceVersionDate "2021.10.06"]
[SourceQuality "1"]

1. e4 Nc6 2. d4 d5 3. e5 Bf5 4. c3 e6 5. Bd3 Bg6 6. Ne2 Nge7 7. 0-0 Qd7 8. b4 Bxd3 9. Qxd3 g6 10. Nd2 h6 11. Nb3 b6 12. a4 Bg7 13. b5 Nd8 14. f4 0-0 15. Ba3 Re8 16. a5 Kh7 17. Bxe7 Rxe7 18. g4 Qe8 19. f5 exf5 20. gxf5 f6 21. fxg6+ Qxg6+ 22. Qxg6+ Kxg6 23. Nf4+ Kg5 24. Nxd5 Rf7 25. Nxf6 Bxf6 26. Rxf6 Rxf6 27. exf6 Kxf6 28. Kf2 Nf7 29. axb6 cxb6 30. Ke3 Nd6 31. Kd3 Nxb5 32. c4 Nc7 33. c5 bxc5 34. dxc5 a6 35. Kc4 Rg8 36. Rf1+ Ke7 37. Re1+ Kf7 38. Re4 1/2-1/2

[Event "GER-ch Seniors 18th"]
[Site "Dresden"]
[Date "2006.07.29"]
[Round "8"]
[White "Steffen, Guenter"]
[Black "Galicki, Ryszard"]
[Result "1-0"]
[WhiteElo "1896"]
[BlackElo "1841"]
[PlyCount "73"]
[EventDate "2006.07.22"]
[EventType "swiss"]
[EventRounds "9"]
[EventCountry "GER"]
[SourceTitle "EXT 2022"]
[Source "ChessBase"]
[SourceDate "2021.10.06"]
[SourceVersion "1"]
[SourceVersionDate "2021.10.06"]
[SourceQuality "1"]

1. Nc3 c5 2. e4 Nc6 3. f4 g6 4. Bc4 d6 5. d3 Bg7 6. Nge2 e6 7. 0-0 Nge7 8. Ng3 d5 9. exd5 exd5 10. Bb5 f5 11. Qf3 0-0 12. Bxc6 bxc6 13. Kh1 d4 14. Na4 Qa5 15. b3 Nd5 16. Ba3 Re8 17. Bxc5 Re3 18. Qf2 Nc3 19. Qd2 Ba6 20. Rae1 Rae8 21. Rxe3 Rxe3 22. Re1 h5 23. Rxe3 dxe3 24. Bxe3 Bb5 25. Ne2 Bxa4 26. bxa4 c5 27. Qe1 Qxa4 28. Nxc3 Qxc2 29. Ne2 Qxd3 30. Bxc5 Qc4 31. Bxa7 Qxa2 32. Bd4 Bh6 33. Be5 Qc4 34. Qd1 Bf8 35. h3 Be7 36. Nc3 Qe6 37. Qd5 1-0

[Event "GER-ch Seniors 18th"]
[Site "Dresden"]
[Date "2006.07.28"]
[Round "7"]
[White "Letmathe, Adolf"]
[Black "Steffen, Guenter"]
[Result "1/2-1/2"]
[WhiteElo "1841"]
[BlackElo "1896"]
[PlyCount "40"]
[EventDate "2006.07.22"]
[EventType "swiss"]
[EventRounds "9"]
[EventCountry "GER"]
[SourceTitle "EXT 2022"]
[Source "ChessBase"]
[SourceDate "2021.10.06"]
[SourceVersion "1"]
[SourceVersionDate "2021.10.06"]
[SourceQuality "1"]

1. c4 b6 2. Nc3 e6 3. d4 Bb7 4. e4 Bb4 5. f3 Ne7 6. Bd3 0-0 7. Nge2 d5 8. 0-0 dxc4 9. Bxc4 Nbc6 10. a3 Bxc3 11. bxc3 Ng6 12. Be3 Qe7 13. Kh1 Na5 14. Bd3 Rad8 15. Qc2 Rd7 16. Ng3 Rfd8 17. f4 c5 18. f5 Nf8 19. Qe2 f6 20. Bb5 Rc7 1/2-1/2

[Event "GER-ch Seniors 18th"]
[Site "Dresden"]
[Date "2006.07.22"]
[Round "1"]
[White "Hein, Manfred"]
[Black "Steffen, Guenter"]
[Result "0-1"]
[WhiteElo "2010"]
[BlackElo "1896"]
[PlyCount "94"]
[EventDate "2006.07.22"]
[EventType "swiss"]
[EventRounds "9"]
[EventCountry "GER"]
[SourceTitle "EXT 2022"]
[Source "ChessBase"]
[SourceDate "2021.10.06"]
[SourceVersion "1"]
[SourceVersionDate "2021.10.06"]
[SourceQuality "1"]

1. e4 Nc6 2. Nc3 e5 3. Nf3 Nf6 4. Bb5 a6 5. Bxc6 bxc6 6. Nxe5 Bb4 7. d3 Qe7 8. Nf3 d6 9. Bd2 0-0 10. h3 Ne8 11. Qe2 f6 12. Na4 d5 13. c3 Bd6 14. exd5 Qxe2+ 15. Kxe2 cxd5 16. Be3 Bd7 17. Nc5 Bc8 18. Kd2 c6 19. b4 Nc7 20. Rhe1 Ne6 21. Nxe6 Bxe6 22. Bc5 Bxc5 23. bxc5 Kf7 24. Rab1 Rab8 25. Nd4 Bd7 26. a4 a5 27. Nb3 Ra8 28. Rb2 Rfb8 29. Reb1 Ke7 30. Ke3 Rb7 31. Nd2 Rxb2 32. Rxb2 Kd8 33. c4 Kc7 34. cxd5 cxd5 35. Kd4 Bxa4 36. Kxd5 Bc6+ 37. Kc4 Bxg2 38. h4 a4 39. d4 a3 40. Ra2 Ra4+ 41. Kc3 Bd5 42. Nb3 Rc4+ 43. Kd3 Rb4 44. Rxa3 Rxb3+ 45. Rxb3 Bxb3 46. Ke4 Kc6 47. h5 Bc2+ 0-1

[Event "GER-ch Seniors-A 17th"]
[Site "Essen"]
[Date "2005.08.20"]
[Round "1"]
[White "Steffen, Guenter"]
[Black "Szymaniak, Horst"]
[Result "1/2-1/2"]
[WhiteElo "1955"]
[BlackElo "2190"]
[PlyCount "83"]
[EventDate "2005.08.20"]
[EventType "swiss"]
[EventRounds "9"]
[EventCountry "GER"]
[SourceTitle "CBM 108 Extra"]
[Source "ChessBase"]
[SourceDate "2005.11.04"]
[SourceVersion "1"]
[SourceVersionDate "2005.11.04"]
[SourceQuality "1"]

1. Nc3 d5 2. e4 d4 3. Nce2 e5 4. Ng3 Nf6 5. Bc4 Bd6 6. d3 0-0 7. Nf3 Nc6 8. a3 Ne7 9. 0-0 Ng6 10. h3 c5 11. Bg5 h6 12. Bd2 Rb8 13. Qc1 Kh7 14. Re1 b5 15. Bb3 Qc7 16. Ne2 c4 17. Ba2 Be6 18. Qd1 Qd7 19. Nh2 Rfc8 20. Rf1 b4 21. axb4 Bxb4 22. f4 cxd3 23. cxd3 exf4 24. Bxe6 fxe6 25. Bxf4 e5 26. Bc1 a5 27. Ng3 Rb6 28. Nf5 Qc7 29. Ng4 Nxg4 30. Qxg4 Rf8 31. h4 Rf7 32. Qh5 Nf4 33. Bxf4 exf4 34. Rac1 Qd7 35. Kh2 Bd2 36. Rc5 Rff6 37. Rd5 Qf7 38. Qxf7 Rxf7 39. Nxd4 Rxb2 40. Nf3 a4 41. Nxd2 Rxd2 42. Ra5 1/2-1/2

[Event "Wch Seniors 14th"]
[Site "Halle"]
[Date "2004.10.30"]
[Round "7"]
[White "Dallmeier, Gerhard"]
[Black "Steffen, Guenter"]
[Result "0-1"]
[WhiteElo "1565"]
[BlackElo "1957"]
[PlyCount "86"]
[EventDate "2004.10.24"]
[EventType "swiss"]
[EventRounds "11"]
[EventCountry "GER"]
[SourceTitle "EXT 2005"]
[Source "ChessBase"]
[SourceDate "2004.11.15"]
[SourceVersion "1"]
[SourceVersionDate "2004.11.15"]
[SourceQuality "1"]

1. e4 b6 2. d4 Bb7 3. Nc3 e6 4. Bd3 Bb4 5. Bd2 f5 6. Qe2 Nf6 7. f3 Bxc3 8. Bxc3 fxe4 9. Bc4 d5 10. Bb3 0-0 11. 0-0-0 a5 12. a4 Nbd7 13. Be1 Qe8 14. h4 Ba6 15. Qe3 c5 16. Ne2 Bxe2 17. Qxe2 c4 18. Ba2 b5 19. b3 Nb6 20. Bc3 b4 21. Bd2 c3 22. Bf4 Rf7 23. Bg5 Nbd7 24. Rdf1 h6 25. g4 Nh7 26. Be3 exf3 27. Rxf3 Rxf3 28. Qxf3 Qf7 29. Qg2 Rf8 30. g5 Qf3 31. Qg1 hxg5 32. hxg5 Rf5 33. Kb1 Nxg5 34. Bxg5 Rxg5 35. Qc1 Rg2 36. Ka1 Qf2 37. Bb1 Nf6 38. Qd1 Qe2 39. Qf1 Qxf1 40. Rxf1 Kf7 41. Rh1 Ne4 42. Rf1+ Rf2 43. Rh1 Nd2 0-1

[Event "Wch Seniors 14th"]
[Site "Halle"]
[Date "2004.10.28"]
[Round "5"]
[White "Broberg, Horst"]
[Black "Steffen, Guenter"]
[Result "1-0"]
[WhiteElo "2113"]
[BlackElo "1957"]
[PlyCount "129"]
[EventDate "2004.10.24"]
[EventType "swiss"]
[EventRounds "11"]
[EventCountry "GER"]
[SourceTitle "EXT 2005"]
[Source "ChessBase"]
[SourceDate "2004.11.15"]
[SourceVersion "1"]
[SourceVersionDate "2004.11.15"]
[SourceQuality "1"]

1. e4 Nc6 2. Nf3 Nf6 3. e5 Ng4 4. d4 d6 5. h3 Nh6 6. Bb5 a6 7. Bxc6+ bxc6 8. Bxh6 gxh6 9. Nbd2 Bg7 10. Qe2 0-0 11. Qe4 d5 12. Qd3 Kh8 13. Qc3 Qe8 14. Nb3 Rg8 15. Nh4 f6 16. f4 fxe5 17. fxe5 e6 18. 0-0-0 Bf8 19. g4 Be7 20. Nf3 Rb8 21. Qe3 Qg6 22. Qd3 Qxd3 23. Rxd3 Bd7 24. Nc5 Bxc5 25. dxc5 Rbf8 26. Nd2 Rg5 27. Rf3 Rxf3 28. Nxf3 Rg8 29. Rf1 Rf8 30. Nd2 Rxf1+ 31. Nxf1 Kg7 32. Kd2 Kg6 33. Ke3 Kg5 34. Kf3 Be8 35. Kg3 h5 36. h4+ Kg6 37. c3 hxg4 38. Kxg4 Kh6 39. Ng3 Bg6 40. Kf4 Bb1 41. a3 Bd3 42. Ke3 Bb1 43. Kf4 Bd3 44. Kg4 Bc4 45. b4 Bd3 46. Kf4 Bc4 47. Nh1 Kh5 48. Kg3 Kg6 49. Kg4 Be2+ 50. Kf4 Bd1 51. Nf2 Be2 52. Nh3 h6 53. a4 Bf1 54. Nf2 Kh5 55. Kg3 Be2 56. Nh3 Kg6 57. Nf4+ Kf5 58. Nxe2 Kxe5 59. Kf3 Kf6 60. Nd4 e5 61. Nxc6 Kf5 62. a5 e4+ 63. Ke3 Kg4 64. b5 Kxh4 65. bxa6 1-0

[Event "Sachsen-ch Seniors 13th"]
[Site "Dresden"]
[Date "2004.07.16"]
[Round "3"]
[White "Steffen, Guenter"]
[Black "Kahn, Peter"]
[Result "0-1"]
[WhiteElo "1957"]
[BlackElo "2154"]
[PlyCount "92"]
[EventDate "2004.07.15"]
[EventType "swiss"]
[EventRounds "9"]
[EventCountry "GER"]
[SourceTitle "EXT 2006"]
[Source "ChessBase"]
[SourceDate "2005.11.24"]
[SourceVersion "1"]
[SourceVersionDate "2005.11.24"]
[SourceQuality "1"]

1. e4 e5 2. Bc4 Nf6 3. Nf3 Nc6 4. Nc3 Nxe4 5. Bxf7+ Kxf7 6. Nxe4 d5 7. Ng3 e4 8. Ng1 g6 9. d3 exd3 10. Qxd3 Ne5 11. Qd1 Bg7 12. N1e2 Rf8 13. 0-0 c6 14. c3 Kg8 15. f3 b6 16. Qc2 Ba6 17. Rf2 Qe7 18. Bf4 Nd3 19. Bd2 Nxf2 20. Kxf2 Rae8 21. Re1 Qc5+ 22. Kf1 Qc4 23. b3 Qd3 24. Qxd3 Bxd3 25. Kf2 c5 26. Rc1 Bxe2 27. Nxe2 Rd8 28. h3 Rfe8 29. Rd1 Kf7 30. g4 b5 31. Be3 c4 32. b4 a6 33. Bd4 Bh6 34. f4 Rxe2+ 35. Kxe2 Bxf4 36. Kf3 Bg5 37. Re1 Re8 38. Rxe8 Kxe8 39. Kg3 h5 40. Kf3 Kf7 41. Ke2 hxg4 42. hxg4 Bf6 43. Ke3 Bxd4+ 44. Kxd4 Ke6 45. Ke3 Ke5 46. a3 g5 0-1